Normal view
MARC view
- FOURIER ANALYSIS, MULTIGRID METHODS (NUMERICAL ANALYSIS)
Entry Topical Term
001 - CONTROL NUMBER
- control field: 61711
003 - CONTROL NUMBER IDENTIFIER
- control field: NUST
005 - DATE AND TIME OF LATEST TRANSACTION
- control field: 20210628202813.0
008 - FIXED-LENGTH DATA ELEMENTS
- fixed length control field: 210628|| aca||aabn | a|a d
040 ## - CATALOGING SOURCE
- Original cataloging agency: NUST
- Transcribing agency: NUST
150 ## - HEADING--TOPICAL TERM
- Topical term or geographic name entry element: FOURIER ANALYSIS, MULTIGRID METHODS (NUMERICAL ANALYSIS)
670 ## - SOURCE DATA FOUND
- Source citation: Work cat.: (NUST): Wienands, Roman, Joppich, Wolfgang 61710, Practical fourier analysis for multigrid mehtods, 2005
